| 000 | 04022nam a22003137a 4500 | ||
|---|---|---|---|
| 001 | 8641 | ||
| 003 | FISKH | ||
| 005 | 20251205144330.0 | ||
| 008 | 251007b cb ||||| |||| 00| 0 eng d | ||
| 020 | _a9789995094768 | ||
| 040 |
_aFISKH _bkhr _cFISKH _dFISKH |
||
| 050 | _aPZ7 | ||
| 082 | _a895.966 | ||
| 100 | _aSotheary, Kimsun | ||
| 245 |
_aវេទមន្តព្រះគោ ភាគ១ : _bThe magic of Preah Kor / _cអ្នកស្រី គឹមស៊ុន សុធារី , គណះកម្មការអំនាន លោក ធី ចាន់ថន , គញ្ញា វ៉ាត ចរិយា , កញ្ញា វុិច វឌ្ឍនា និងលោក សេង ចំរើន |
||
| 260 |
_aPhnom Penh : _bReading Books , _c2009. |
||
| 300 |
_a32 pages : _bcolor illustrations ; _c25 cm . |
||
| 490 | _aពិភពរឿងនិទាន | ||
| 505 | _aP | ||
| 520 | _aមានប្តីប្រពន្ធក្រីក្រមួយគូររស់នៅក្នុងនគរមួយ ៕ ថ្ងៃមួយប្រពន្ធយល់សប្តិឃើញអ្នកមានបុណ្យមកចាប់ជាតិក្នុងផ្ទៃនាង ។ ក្រោយមកស្រ្តីជាប្រពន្ធបានឡើងបេះស្វាយក៏ធ្លាក់ពីលើដើមស្វាយធ្លាយពោះស្លាប់មួយរំពេច ដោយបន្សល់ទុកនូវទារកមួយ និងកូនគោមួយ ដែលត្រូវបានដាក់ឈ្មោះថាព្រះគោ ព្រះកែវ ។ អ្នកស្រុកក៏បានបណ្តេញមាណពចេញពីភូមិដោយចោទថាគ្រួសារនេះចង្រៃ ។ ពួកគេក៏ទៅរស់នៅក្នុងព្រៃ ។ ដោយការស្រេកឃ្លានរបស់ព្រះកែវ ព្រះគោក៏ក្អេរបាយចេញពីពោះដើម្បីអោយប្អូនញុាំ ។ ឃើងដូច្នេះក្មេងៗក៏មានបំណងចាប់ព្រះគោដើម្បីវះពោះយកអាហារ ។ ព្រះគោគ៏ងោយប្អូនតោងកន្ទុយដើម្បីហោះទៅលើមេឃ ។ ព្រះកែវក៏ចម្រើនវ័យហើយបានចាប់ចិត្តស្រលាញ់នាងពៅដែលាជាបុត្រីពៅរបស់ស្តេច ។ | ||
| 520 | _aThere once lived a poor husband and wife in a certain kingdom.One night, the wife had a dream in which she saw a virtuous spirit being reborn in her womb. Later, while picking mangoes, she fell from the tree and suddenly died, her belly torn open. She left behind a baby and a calf. The baby was named Preah Kaew (Sacred Jewel), and the calf was named Preah Ko (Sacred Cow). The villagers, believing the family was cursed or unnatural, expelled the spirit (the baby and the calf) from the village. So, they went to live in the forest. Out of hunger and compassion for Preah Kaew, Preah Ko tore open his own belly to provide food for his younger brother. When the other children saw this, they wanted to capture Preah Ko and cut open his belly to get food as well. Sensing danger, Preah Ko allowed his younger brother to cling to his tail, and they both flew up into the sky. As he grew older, Preah Kaew fell in love with a beautiful girl named Neang Peou, who was the adopted daughter of the king. | ||
| 521 | 8 |
_a650
_bLexile estimate |
|
| 521 | 8 |
_aP
_bRaz-Plus |
|
| 650 |
_aវេមន្តព្រះគោ _vអក្សរសិល្ប៏ខ្មែរ |
||
| 650 |
_aThe magic of Preah Kor _vKhmer Literature |
||
| 700 |
_aKakada, Siem _eIllustrator |
||
| 942 |
_2ddc _cKHB _n0 |
||
| 999 |
_c8641 _d8641 |
||